Die Liebende : Erzählung /

Bibliographic Details
Main Author: Ostermaier, Albert, 1967-
Format: Book
Language:German
Published: Berlin : Suhrkamp, [2012]
Edition:1. Aufl., Originalausg.

MARC

Tag First Indicator Second Indicator Subfields
LEADER 00000cam a2200000 i 4500
001 in00002784849
005 20150922144917.0
008 121019s2012 gw 000 1 ger d
020 |a 9783518423271 (pbk.) 
020 |a 3518423274 (pbk.) 
035 |a (OCoLC)ocn813927074 
040 |a OHX  |c OHX  |d ZCU  |d TXA  |d UtOrBLW 
049 |a TXAM 
090 |a PT2675.S73  |b L54 2012 
100 1 |a Ostermaier, Albert,  |d 1967- 
245 1 4 |a Die Liebende :  |b Erzählung /  |c Albert Ostermaier. 
250 |a 1. Aufl., Originalausg. 
264 1 |a Berlin :  |b Suhrkamp,  |c [2012] 
264 4 |c ©2012 
300 |a 81 pages ;  |c 22 cm. 
336 |a text  |b txt  |2 rdacontent 
337 |a unmediated  |b n  |2 rdamedia 
338 |a volume  |b nc  |2 rdacarrier 
948 |a cataloged  |b h  |c 2012/11/20  |d c  |e dmitchel  |f 11:10:20 am 
994 |a C0  |b TXA 
999 |a MARS 
999 f f |s 4dcd3950-7a90-3c46-a4ba-230d253be515  |i 0ee428a8-a939-38f4-87ab-a5231262f87b  |t 0 
952 f f |p normal  |a Texas A&M University  |b College Station  |c Sterling C. Evans Library  |d Evans: Library Stacks  |t 0  |e PT2675.S73 L54 2012  |h Library of Congress classification  |i unmediated -- volume  |m A14838750725 
998 f f |a PT2675.S73 L54 2012  |t 0  |l Evans: Library Stacks